| 000 | 00901mam a2200289 a 4500 | ||
|---|---|---|---|
| 001 | 3284247 | ||
| 003 | ARRUPE | ||
| 005 | 20130926133533.0 | ||
| 008 | 020116s2002 enk b 001 0 eng | ||
| 015 | _aGBA2-Z2727 | ||
| 020 | _a1859846769 | ||
| 035 | _a(OCoLC)48834956 | ||
| 035 | _a(OCoLC)ocm48834956 | ||
| 035 | _a(NNC)3284247 | ||
| 040 |
_aUKM _cUKM _dNjP _dNNC |
||
| 050 |
_aDS480.853 _b.J55 2002 |
||
| 100 | 1 |
_aJha, D. N. _q(Dwijendra Narayan), _d1940- _91432 |
|
| 245 | 1 | 4 |
_aThe myth of the holy cow / _cD.N. Jha. |
| 260 |
_aLondon ; _aNew York : _bVerso, _c2002. |
||
| 300 |
_axii, 183 p. ; _c23 cm. |
||
| 504 | _aIncludes bibliographical references (p. [149]-172) and index. | ||
| 610 | 2 | 0 |
_aBharatiya Janata Party. _91433 |
| 650 | 0 |
_aCattle _xReligious aspects _xHinduism. _91434 |
|
| 651 | 0 |
_aIndia _xPolitics and government _y1977- _91435 |
|
| 942 |
_2lcc _cMONOGRAPH |
||
| 999 |
_c118090 _d118090 |
||